LEADER 01008nam0 22002171i 450 001 UON00177761 005 20231205103119.587 100 $a20030730d1975 |0itac50 ba 101 $afre 102 $aFR 105 $a|||| 1|||| 200 1 $aDroit administratif$eActes administratifs organization administrative police,s ervice public,responsabilité contentieux administratif$fGustave Peiser 210 $aParis$cDalloz $d1975 - 209 p. ; 24 cm 606 $aFrancia$xDiritto amministrativo$3UONC034232$2FI 700 1$aPEISER$bGustave$3UONV099516$0234240 801 $aIT$bSOL$c20250207$gRICA 912 $aUON00177761 950 $aSIBA - SISTEMA BIBLIOTECARIO DI ATENEO$dSI PUB B 0199 $eSI SC 15326 5 0199 950 $aSIBA - SISTEMA BIBLIOTECARIO DI ATENEO$dSI PUB B 0023 $eSI SC 46966 5 0023 $sBuono 996 $aDroit administratif$9647282 997 $aUNIOR